| 000 | 01130nam2a22002411 4500 | ||
|---|---|---|---|
| 001 | v19\rc\1519674 | ||
| 005 | 20250618171501.0 | ||
| 035 | _a(NLR Aleph) 004642512 | ||
| 090 |
_a3313617 _c3313617 |
||
| 100 | _a20060620d1885 |||y0rusy50 ca | ||
| 101 | 0 | _arus | |
| 102 | _aRU | ||
| 105 | _ay z ||||| | ||
| 200 | 0 |
_aс 1 октября 1884 по 1-е октября 1885 г. _eГод 4-й |
|
| 210 |
_d1885 _aБ. м. |
||
| 215 | _a12 с. | ||
| 461 | 0 |
_1001v19\rc\1519673 _12001#$aРезультат и отчет Сердобского общества рысистых бегов в с. Бекове...$vс 1 октября 1884 по 1-е октября 1885 г. _93313608 _aСердобское общество рысистых бегов (с. Беково) _cТамбов _d1885 _p12 с. _tРезультат и отчет Сердобского общества рысистых бегов в с. Бекове... _vс 1 октября 1884 по 1-е октября 1885 г. |
|
| 801 | 0 |
_aRU _bNLR _gpsbo |
|
| 801 | 0 |
_aRU _bRuMoRGB _2psbo |
|
| 801 | 1 |
_aRU _bProSoft-M _2rusmarc |
|
| 852 |
_aNLR _j18.277.6.385 |
||
| 942 | _cBOOK | ||
| 980 | _aNB | ||